<?xml version="1.0" encoding="UTF-8"?>
<record
    xmlns:xsi="http://www.w3.org/2001/XMLSchema-instance"
    xsi:schemaLocation="http://www.loc.gov/MARC21/slim http://www.loc.gov/standards/marcxml/schema/MARC21slim.xsd"
    xmlns="http://www.loc.gov/MARC21/slim">

  <leader>01172nam0a22002771  4500</leader>
  <controlfield tag="001">rc\3316187</controlfield>
  <controlfield tag="005">20250609211456.0</controlfield>
  <datafield tag="021" ind1=" " ind2=" ">
    <subfield code="a">RU</subfield>
    <subfield code="b">[75-51135]</subfield>
  </datafield>
  <datafield tag="035" ind1=" " ind2=" ">
    <subfield code="a">(NLR Aleph) 007506645</subfield>
  </datafield>
  <datafield tag="090" ind1=" " ind2=" ">
    <subfield code="a">7682742</subfield>
    <subfield code="c">7682742</subfield>
  </datafield>
  <datafield tag="100" ind1=" " ind2=" ">
    <subfield code="a">20130115g19741975|||y0rusy50      ca</subfield>
  </datafield>
  <datafield tag="101" ind1="0" ind2=" ">
    <subfield code="a">rus</subfield>
  </datafield>
  <datafield tag="102" ind1=" " ind2=" ">
    <subfield code="a">RU</subfield>
  </datafield>
  <datafield tag="105" ind1=" " ind2=" ">
    <subfield code="a">y   z   |||||</subfield>
  </datafield>
  <datafield tag="200" ind1="1" ind2=" ">
    <subfield code="a">&#x422;&#x438;&#x43F;&#x43E;&#x43B;&#x43E;&#x433;&#x438;&#x44F; &#x43B;&#x438;&#x447;&#x43D;&#x43E;&#x441;&#x442;&#x438; &#x43F;&#x440;&#x435;&#x441;&#x442;&#x443;&#x43F;&#x43D;&#x438;&#x43A;&#x430; &#x438; &#x43C;&#x43E;&#x442;&#x438;&#x432;&#x430;&#x446;&#x438;&#x44F; &#x43F;&#x440;&#x435;&#x441;&#x442;&#x443;&#x43F;&#x43D;&#x43E;&#x433;&#x43E; &#x43F;&#x43E;&#x432;&#x435;&#x434;&#x435;&#x43D;&#x438;&#x44F;</subfield>
    <subfield code="e">&#x423;&#x447;&#x435;&#x431;. &#x43F;&#x43E;&#x441;&#x43E;&#x431;&#x438;&#x435;</subfield>
    <subfield code="f">&#x413;&#x43E;&#x440;&#x44C;&#x43A;. &#x432;&#x44B;&#x441;&#x448;. &#x448;&#x43A;&#x43E;&#x43B;&#x430; &#x41C;&#x412;&#x414; &#x421;&#x421;&#x421;&#x420;</subfield>
  </datafield>
  <datafield tag="210" ind1=" " ind2=" ">
    <subfield code="a">&#x413;&#x43E;&#x440;&#x44C;&#x43A;&#x438;&#x439;</subfield>
    <subfield code="c">[&#x413;&#x43E;&#x440;&#x44C;&#x43A;. &#x432;&#x44B;&#x441;&#x448;. &#x448;&#x43A;&#x43E;&#x43B;&#x430; &#x41C;&#x412;&#x414; &#x421;&#x421;&#x421;&#x420;]</subfield>
    <subfield code="d">1974 [&#x432;&#x44B;&#x43F;. &#x434;&#x430;&#x43D;. 1975]</subfield>
  </datafield>
  <datafield tag="215" ind1=" " ind2=" ">
    <subfield code="a">167 &#x441;.</subfield>
    <subfield code="d">20</subfield>
  </datafield>
  <datafield tag="320" ind1=" " ind2=" ">
    <subfield code="a">&#x421;&#x43F;&#x438;&#x441;&#x43E;&#x43A; &#x43B;&#x438;&#x442;.: &#x441;. 159-166</subfield>
  </datafield>
  <datafield tag="606" ind1=" " ind2=" ">
    <subfield code="a">&#x41F;&#x440;&#x435;&#x441;&#x442;&#x443;&#x43F;&#x43D;&#x438;&#x43A;&#x438;</subfield>
    <subfield code="x">&#x418;&#x437;&#x443;&#x447;&#x435;&#x43D;&#x438;&#x435; &#x43B;&#x438;&#x447;&#x43D;&#x43E;&#x441;&#x442;&#x438;</subfield>
    <subfield code="2">psbo</subfield>
  </datafield>
  <datafield tag="606" ind1=" " ind2=" ">
    <subfield code="a">&#x41C;&#x43E;&#x442;&#x438;&#x432; &#x43F;&#x440;&#x435;&#x441;&#x442;&#x443;&#x43F;&#x43B;&#x435;&#x43D;&#x438;&#x44F; &#x432; &#x441;&#x43E;&#x432;&#x435;&#x442;&#x441;&#x43A;&#x43E;&#x43C; &#x43F;&#x440;&#x430;&#x432;&#x435;</subfield>
    <subfield code="2">psbo</subfield>
  </datafield>
  <datafield tag="700" ind1=" " ind2="1">
    <subfield code="7">ca</subfield>
    <subfield code="8">rus</subfield>
    <subfield code="a">&#x418;&#x433;&#x43E;&#x448;&#x435;&#x432;</subfield>
    <subfield code="b">&#x41A;. &#x415;.</subfield>
    <subfield code="c">&#x434;-&#x440; &#x44E;&#x440;&#x438;&#x434;. &#x43D;&#x430;&#x443;&#x43A;</subfield>
    <subfield code="f">1936-1990</subfield>
    <subfield code="g">&#x41A;&#x43E;&#x43D;&#x441;&#x442;&#x430;&#x43D;&#x442;&#x438;&#x43D; &#x415;&#x440;&#x435;&#x43C;&#x435;&#x435;&#x432;&#x438;&#x447;</subfield>
    <subfield code="9">233874</subfield>
    <subfield code="3">RU\NLR\AUTH\770233930</subfield>
  </datafield>
  <datafield tag="801" ind1=" " ind2="0">
    <subfield code="a">RU</subfield>
    <subfield code="b">NLR</subfield>
    <subfield code="g">psbo</subfield>
  </datafield>
  <datafield tag="801" ind1=" " ind2="1">
    <subfield code="a">RU</subfield>
    <subfield code="b">ELAR</subfield>
    <subfield code="2">rusmarc</subfield>
  </datafield>
  <datafield tag="852" ind1=" " ind2=" ">
    <subfield code="a">NLR</subfield>
    <subfield code="j">75-3/3797</subfield>
  </datafield>
  <datafield tag="942" ind1=" " ind2=" ">
    <subfield code="c">BOOK</subfield>
  </datafield>
  <datafield tag="980" ind1=" " ind2=" ">
    <subfield code="a">NB</subfield>
  </datafield>
  <datafield tag="995" ind1=" " ind2=" ">
    <subfield code="5">2013-10-26</subfield>
    <subfield code="b">NLR01</subfield>
    <subfield code="c">NLR01</subfield>
    <subfield code="e">RF91</subfield>
    <subfield code="f">7506645-10</subfield>
    <subfield code="k">75-3/3797</subfield>
    <subfield code="o">0</subfield>
    <subfield code="r">BOOK</subfield>
    <subfield code="s">7533797_</subfield>
  </datafield>
  <datafield tag="995" ind1=" " ind2=" ">
    <subfield code="5">2015-07-02</subfield>
    <subfield code="b">NLR01</subfield>
    <subfield code="c">NLR01</subfield>
    <subfield code="e">RF91</subfield>
    <subfield code="f">1-1038260</subfield>
    <subfield code="k">75-3/3797</subfield>
    <subfield code="o">0</subfield>
    <subfield code="r">BOOK</subfield>
    <subfield code="s">7533797_</subfield>
  </datafield>
</record>
